000
00296nam a22001337a 4500
008
171107b xxu||||| |||| 00| 0 eng d
020
_a
9780073379494
041
_a
eng
080
_2
2ND
_a
721.053
100
_a
62
101
_a
AUD
245
_a
AUDITING AFTER
_c
THIBODEAU,J.C
942
_2
udc
_c
BK
999
_c
38167
_d
38167